Score 0/30 Timer 08:00
0 Plays Today
Distance Street % Correct
18.9Kipling Avenue
96.7%
16.9Islington Avenue
93.3%
11.2Royal York Road
88.3%
9.4Eglinton Avenue
88.3%
7.7Bloor Street
86.7%
8.2Lake Shore Boulevard
80%
8.0The Queensway
75%
5.4Finch Avenue
73.3%
13.8Martin Grove Road
71.7%
6.2Dundas Street
71.7%
5.7Steeles Avenue
71.7%
7.4The East Mall
70%
6.3Dixon Road
70%
5.7The West Mall
70%
4.9Burnhamthorpe Road
63.3%
Distance Street % Correct
5.5Rexdale Boulevard
58.3%
8.6Albion Road
56.7%
5.3Rathburn Road
56.7%
8.6Highway 27
51.7%
5.5Evans Avenue
48.3%
3.2The Westway
46.7%
5.0The Kingsway
45%
5.9Renforth Road
40%
2.9Scarlett Road
40%
2.6Park Lawn Road
36.7%
3.0Prince Edward Drive
30%
4.2Horner Avenue
23.3%
3.8Carlingview Drive
20%
3.0North Queen Street
16.7%
3.5Markland Drive
10%
Remove Ads.
Support Sporcle.
Get the best of Sporcle when you Go Orange. This ad-free experience offers more features, more stats, and more fun while also helping to support Sporcle. Thank you for becoming a member.

You're not logged in!

Compare scores with friends on all Sporcle quizzes.
OR
Log In

Show Comments

Extras

Created Jan 25, 2015ReportNominate
Tags:distance, longest, street, toronto

Top Quizzes Today


Score Distribution

Your Account Isn't Verified!

In order to create a playlist on Sporcle, you need to verify the email address you used during registration. Go to your Sporcle Settings to finish the process.

Report this User

Report this user for behavior that violates our Community Guidelines.

Details: